00623nam a22002057a 4500003000500000005001700005008004100022010001000063011001000073035001000083040000900093082001500102100004000117245010300157260007600260300001000336490002400346650002300370830002400393CHAP20220329135237.0971013s1958 r 00010 d a33210 a34182 a38298 cCHAP a332.83bN800aNúñez de Villavicencio, Nuño. aDictamen sobre la usura en la Nueva España, 1767. Con un catálogo de documentos sobre la usura aMéxico, D. F. :bBanco Nacional de Crédito Agrícola, S. A.,c1958 a54 p. aPublicacionesv; 2014aInterés y usura.0 aPublicacionesv; 20